000 01356 a2200337 4500
003 OSt
005 20260430112012.0
008 260421b |||||||| |||| 00| 0 eng d
020 _a9788198159854 (Part A) (pbk)
020 _a(Part B) (pbk)
037 _cREF
040 _aCRL
_cCRL
041 _2eng
_aeng
084 _aX.95 R3.1-.2 (RR)
_qCRL
100 _aMuthuswamy
245 _aSwamy compilation on reservation ad concessions
246 _aFor SCs and STs, OBCs, EWSs, Ex-Serviceman, Sportspersons and Compassionate Appointments in Government Service
_bPart A
246 _aFor PwDs, PwBDs in Government Service
_bPart B
260 _aChennai, India:
_bSwamy Publishers,
_c2023.
300 _aPart A (xxii, 1-746p.)
_aPart B (x, 1-1093p.)
365 _bPart A - 1000.00
_cINR
365 _bPart B - 1400.00
_cINR
490 _aSwamy's Compilation
_aSwamy's Manual
_aSwamy's Handbook
650 0 _a Economics
_9351406
650 0 _aEmployment and service
_9236902
700 _aBrinda
_eauthor.
_91235303
700 _aSanjeev
_eauthor.
942 _cREF
_2CC
_hX.95 R3.1-.2 (RR)
999 _c1679803
_d1679803